000 00382nam a2200157Ia 4500
008 241014s9999||||xx |||||||||||||| ||und||
020 _a9780030990045
060 _aHF 563 B 1994
100 _aBelkaoui, Ahmed Riahi
245 0 _aInternational & Multinational
250 _a1994
260 _aLondon
_bThe Dryden
300 _a502
650 _aAccounting
942 _bIBHM
_cBK
999 _c16231
_d16231